000 00489nmm a2200169Ia 4500
008 251105s9999||||xx |||||||||||||||||und||
020 _a9788471486356
041 _aspa
100 _aFernandez Aldasoro, Alejandro
245 0 _aEl oso Ondo
264 _a[Madrid, España] :
_bElkar,
_c[Fecha de publicación no identificada]
300 _a140 páginas
490 _aNarrativa
650 _aSpanish narrative
856 _uhttps://public.digitaliapublishing.com/a/98938
942 _cCF
999 _c84834
_d84834